000 00526nam a2200145Ia 4500
041 _aArabic
082 _a341 cut-495 ق
100 _a20260118u\\\\\\\\\\\y0engy0103\\\\ba
100 _aزياد عبداللطيف سعيد القريشى
245 0 _aالاحتلال في القانون الدولي - الحقوق والوجبات مع دراسة تطبيقية لحالة العراق
250 _aط1
260 _bدار النهضة العربية
_aالقاهرة - مصر
_c2007
300 _a186
942 _cBk
999 _c187785
_d187785